000 00461nam a2200181Ia 4500
003 GCL
008 140319s9999 xx 000 0 eng d
040 _aGCL /
_cGCL
082 0 4 _a882.01
_bS A
100 1 _aSOMMERSTEIN, ALAN
245 1 0 _aAESCHYLUS EUMENIDES /
_cSOMMERSTEIN, ALAN
260 _a[S.N] :
_bCAMBRIDGE UNIVERSITY PRESS ،
_c1989
300 _a308 P
650 0 4 _aDRAMA
650 0 4 _aMYTHOLOGY - GREEK
650 0 4 _aORESTES
942 _2ddc
_cBK
999 _c24611
_d24611